=LDR 00000nam 2200000 4500 =001 INLIS000000000054162 =005 20190812115244 =035 ##$$a 0010-0819000004 =007 ta =008 190812###########################0###### =020 ##$$a 978-979-019-012-2 =082 ##$$a 372.3 =084 ##$$a 372.3 Sem b =245 ##$$a Bulan Satelit Bumi : $b serial ilmu pengetahuan populer /$c Sema Gul =260 ##$$a Bogor :$b Yudistira =300 ##$$a 32 hlm : $b ilus ; $c 27 cm =990 ##$$a 12371237